| 000 | 00533 a2200169 4500 | ||
|---|---|---|---|
| 020 | _a8120327330 | ||
| 040 |
_aDLC _bDLC |
||
| 082 | _a515.353 RAO | ||
| 100 | _aRao, K. Sankara. | ||
| 245 |
_aIntroduction To Partial Differential Equations _cK. Sankara Rao, |
||
| 250 | _a2nd. ed. | ||
| 260 |
_a New Delhi: _bPrentice-Hall of India Pvt. Ltd., _c2005. |
||
| 300 |
_ax, 430 p. : _bill. ; _c24 cm. |
||
| 500 | _aIncludes bibliographical references and index | ||
| 650 | _aDifferential equations, Partial. | ||
| 942 |
_cBK _k515.353 RAO _2ddc |
||
| 999 |
_c7789 _d7789 |
||